000 00359nam a2200133Ia 4500
008 230411s9999 xx 000 0 und d
041 _aeng
082 _aPS/616.89/BHA/B01630
100 _aBhatia M S
_9176403
245 _aEssentials of Psychiatry
260 _bCBS Publishers & Distributors
_aNew Delhi
_c2000
300 _a130p
999 _c152934
_d152934